Statistics for Countries with IKEA on a Map

Click here to take the quiz!

General Stats

  • This quiz has been taken 403 times
  • The average score is 56 of 65

Answers on the Map

Answers color-coded by a green-red scale on the quiz's map according to % correct below.
 

Answer Stats

Countries% Correct
Current StoreUnited States
99%
Current StoreCanada
98%
Current StoreSweden
98%
Current StoreRussia
97%
Current StoreUnited Kingdom
97%
Current StoreFrance
96%
Current StoreNorway
96%
Current StoreChina
95%
Current StoreFinland
95%
Current StoreGermany
95%
Planning StoreMexico
95%
Current StoreSpain
95%
Current StoreDenmark
94%
Current StoreItaly
94%
Current StorePortugal
94%
Current StoreBelgium
93%
Current StoreIreland
93%
Current StoreNetherlands
93%
Current StorePoland
93%
Current StoreAustralia
92%
Planning StoreBrazil
92%
Current StoreIndia
92%
Planning StoreUkraine
92%
Current StoreSwitzerland
91%
Current StoreTurkey
91%
Current StoreAustria
90%
Current StoreGreece
90%
Current StoreJapan
90%
Current StoreCzech Republic
88%
Current StoreIceland
88%
Planning StoreLuxembourg
88%
Planning StoreNew Zealand
88%
Current StoreRomania
88%
Current StoreEstonia
87%
Current StoreHungary
87%
Current StoreLatvia
87%
Current StoreSaudi Arabia
87%
Current StoreBulgaria
86%
Current StoreCroatia
86%
Current StoreIndonesia
86%
Current StoreLithuania
86%
Current StoreSouth Korea
85%
Current StoreSerbia
84%
Current StoreSlovakia
84%
Current StoreEgypt
83%
Planning StoreSlovenia
83%
Planning StoreChile
82%
Current StoreThailand
82%
Current StoreUnited Arab Emirates
82%
Planning StorePeru
81%
Current StoreQatar
81%
Planning StoreVietnam
81%
Planning StoreColombia
80%
Current StoreSingapore
79%
Current StoreMalaysia
78%
Current StoreIsrael
77%
Current StoreBahrain
76%
Planning StorePhilippines
75%
Planning StoreOman
74%
Current StoreMorocco
73%
Current StoreJordan
68%
Current StoreKuwait
61%
Current StoreCyprus
60%
Current StoreTaiwan
60%
Current StoreDominican Republic
54%

Score Distribution

Percentile by Number Answered

Percent of People with Each Score

Your Score History

You have not taken this quiz